| 000 | 00684nas a22002057a 4500 | ||
|---|---|---|---|
| 999 |
_c6659 _d6659 |
||
| 003 | CDMR | ||
| 005 | 20181023121616.0 | ||
| 007 | ta | ||
| 008 | 131031c1991 sp ar||| |||| 0 0 spa d | ||
| 022 | _a11321873 | ||
| 040 |
_cCDMR _bcat |
||
| 245 | 0 | 0 | _aRevista General de Información y Documentación |
| 260 |
_aMadrid _bUniversidad Complutense _c1993 |
||
| 300 | _av. | ||
| 650 | 0 | 4 |
_94578 _aComunicació en biblioteconomia |
| 650 | 0 | 4 |
_94579 _aComunicació en ciències de la informació |
| 710 | 2 |
_93910 _aUniversidad Complutense de Madrid _b-- Facultad de Ciencias de la Información |
|
| 856 | 4 | 0 |
_uhttp://revistas.ucm.es/index.php/RGID/ _yDisponible en línia (UCM) |
| 856 | 4 | 0 |
_uhttps://dialnet.unirioja.es/servlet/revista?codigo=1234 _yDisponible a Dialnet |
| 942 |
_2udc _cSER |
||